| 000 | 00665nam a2200169 i 4500 | ||
|---|---|---|---|
| 001 | 167660 | ||
| 003 | ES-MaACL | ||
| 005 | 20250831024533.0 | ||
| 008 | 961010s1812 sp |||| | spa d | ||
| 245 | 0 | 0 | _aVindicación de la Inquisición y relación exacta de su modo de enjuiciar y proceder. |
| 260 |
_aCadiz : _b[s.n.], _c1812 ( _fEn la Imprenta de la Viuda de Comes) |
||
| 300 |
_a46, [1] p. ; _c20 cm. |
||
| 650 | 4 |
_aInquisición- _zEspaña- _yS.XIX. _913800 |
|
| 650 | 7 |
_aIglesia y Estado- _zEspaña- _yS.XIX _2 _9149103 |
|
| 852 |
_aES-MaACL _jR-3098(2)) _x Olim:D-621 _z- Enc. hol. _z.- Biblioteca de Salvador J. Trillo |
||
| 999 |
_c167660 _d167660 |
||